000 00525cam a2200181 4500500
005 20260329003241.0
041 _afre
042 _adc
100 1 0 _aRogé, Antoine
_eauthor
245 0 0 _aCharlotte à la Aristote
260 _c2015.
500 _a30
690 _aCharlotte
690 _aCuisine
690 _aRecette
786 0 _nPhilosophie magazine | 87 | 3 | 2015-03-01 | p. 93-93 | 1951-1787
856 4 1 _uhttps://shs.cairn.info/magazine-philosophie-magazine-2015-3-page-93?lang=fr&redirect-ssocas=7080
999 _c1822806
_d1822806